| 000 | 004290000a22001690004500 | ||
|---|---|---|---|
| 003 | MACL | ||
| 005 | 20160105161614.0 | ||
| 008 | 160105b xxu||||| |||| 00| 0 eng d | ||
| 040 |
_aMACL _cMACL |
||
| 041 | _aEnglish | ||
| 082 | _a823/JOC | ||
| 100 |
_aM. Gorky _928229 |
||
| 245 | _aSelected Short Stories | ||
| 260 |
_bForeign Languages Publishing House _aMoscow _c1901 |
||
| 650 |
_aStories _928230 |
||
| 942 |
_cBK _k823/Gor _2ddc |
||
| 999 |
_c34912 _d34912 |
||